| 000 | 00930nam a2200277Ia 4500 | ||
|---|---|---|---|
| 003 | OSt | ||
| 005 | 20221005051427.0 | ||
| 006 | a|||||r|||| 00| 0 | ||
| 007 | ta | ||
| 008 | 221004b |||||||| |||| 00| 0 eng d | ||
| 020 |
_a9781350099074 (pbk) _cUKP 28.99 |
||
| 024 | _a64588 | ||
| 037 |
_b8723, 19/12/2019, Efficient Book Distributors _cTextual |
||
| 040 |
_aCRL _cCRL _beng |
||
| 041 |
_2eng _aeng |
||
| 082 | _aR853xN25:g, Q7 | ||
| 100 |
_aBennett Michael James Au. _9595971 |
||
| 245 | 0 |
_aDeleuze and ancient greek physics _b the image of nature |
|
| 260 |
_aLondon _bBloomsbury Academic UK _c2019 |
||
| 300 |
_aviii,277p. _ccm. |
||
| 490 | _aBloomsbury studies in ancient philosophy | ||
| 650 | _a PHILOSOPHERS | ||
| 650 |
_aDELEUZE, GILLES _934067 |
||
| 942 |
_hR853xN25:g, Q7 _cTEXL _2cc |
||
| 999 |
_c958803 _d958803 |
||